[Event "ch-Commonwealth"]
[Site "Mumbai IND"]
[Date "2004.01.10"]
[Round "1"]
[White "Pratibha,Y"]
[Black "Michelakis,G"]
[Result "0-1"]
[WhiteElo "2229"]
[BlackElo "2432"]
[EventDate "2004.01.10"]

1. e4 c5 2. Nf3 d6 3. d4 cxd4 4. Nxd4 Nf6 5. Nc3 a6 6. Bg5 e6 7. f4 Nbd7 8.
Qf3 Qc7 9. O-O-O b5 10. g4 b4 11. Nd5 exd5 12. exd5 Bb7 13. Re1+ Kd8 14.
Qe4 Qc5 15. Nc6+ Kc7 16. Qc4 Qxc4 17. Bxc4 Nb6 18. Bb3 a5 19. a3 Nfxd5 20.
Nd4 a4 21. Ba2 bxa3 22. Nb5+ Kd7 23. bxa3 Ra5 24. c4 h6 25. Bh4 Be7 26.
Bxe7 Nxe7 27. Rd1 d5 28. Rhe1 Rc8 29. Kb2 Nxc4+ 30. Bxc4 Rxc4 31. Nd4 Nc6
32. Nxc6 Bxc6 33. Rd2 Rb5+ 34. Ka2 Rxf4 35. Rde2 d4 36. h3 Bd5+ 37. Ka1 Rf3
38. Rb2 Rxa3+ 39. Kb1 Ba2+ 40. Kc1 Rc3+ 41. Rc2 Rb1+ 0-1

[Event "ch-Commonwealth"]
[Site "Mumbai IND"]
[Date "2004.01.10"]
[Round "1"]
[White "Kamli,A"]
[Black "Mishra,S"]
[Result "0-1"]
[WhiteElo "2006"]
[BlackElo "2227"]
[EventDate "2004.01.10"]

1. e4 c5 2. Nc3 e6 3. g3 d5 4. exd5 exd5 5. d4 Nf6 6. Bg2 cxd4 7. Qxd4 Nc6
8. Qd1 Bb4 9. Nge2 Bg4 10. Bd2 Nd4 11. h3 Bf3 12. Bxf3 Nxf3+ 13. Kf1 O-O
14. Kg2 d4 15. Kxf3 Qd6 16. Kg2 Qc6+ 17. Kh2 dxc3 18. Bxc3 Rad8 19. Bd4 Ne4
20. Rf1 Nd2 21. f4 Nf3+ 22. Rxf3 Qxf3 23. c3 Bc5 24. Qf1 Qd5 25. Qg2 Rfe8
26. Qf2 Qe4 27. Bxc5 Rd2 28. Re1 Qd3 29. Kg1 Rdxe2 30. Rxe2 Rxe2 31. Qd4
Qb1+ 0-1

[Event "ch-Commonwealth"]
[Site "Mumbai IND"]
[Date "2004.01.10"]
[Round "1"]
[White "Choksi,K"]
[Black "Joshi,SG"]
[Result "0-1"]
[WhiteElo "2000"]
[BlackElo "2211"]
[EventDate "2004.01.10"]

1. e4 e6 2. d4 d5 3. Nd2 c5 4. Ngf3 Nc6 5. c3 Nf6 6. exd5 exd5 7. Bb5 Bd6
8. O-O O-O 9. h3 h6 10. Re1 Bf5 11. dxc5 Bxc5 12. Nb3 Bb6 13. Nbd4 Nxd4 14.
Nxd4 Bg6 15. Be3 Ne4 16. Bd3 Qf6 17. Qf3 Bxd4 18. cxd4 Qxf3 19. gxf3 Nd6
20. Bf4 Bxd3 21. Bxd6 Rfe8 22. Rac1 Rac8 23. Rxc8 Rxc8 24. Re7 Rc6 25. Bb8
Rg6+ 26. Kh1 Bf1 27. Rxb7 Bg2+ 28. Kh2 Bxf3 29. Bg3 a6 30. Rd7 h5 31. Rd6
Rg5 32. h4 Rg4 33. Rxa6 Rxd4 34. a4 f6 35. a5 Rb4 36. Rb6 Rxb6 37. axb6 d4
38. Bf4 Kf7 39. Kg3 Bb7 40. Kh2 Ke6 41. Kg1 Kf5 42. Bg3 Ke4 43. Kf1 g5 0-1

[Event "ch-Commonwealth"]
[Site "Mumbai IND"]
[Date "2004.01.10"]
[Round "1"]
[White "Sharma,Vi"]
[Black "Krutika,N"]
[Result "1-0"]
[WhiteElo "2208"]
[BlackElo "2159"]
[EventDate "2004.01.10"]

1. d4 d5 2. c4 e6 3. Nc3 f5 4. Nf3 c6 5. cxd5 exd5 6. Bf4 Nf6 7. e3 Be7 8.
Bd3 O-O 9. Ne5 Be6 10. h3 Nbd7 11. g4 Ne4 12. gxf5 Bxf5 13. Bxe4 Bxe4 14.
Nxe4 Nxe5 15. Bxe5 dxe4 16. Qb3+ Rf7 17. O-O-O Qb6 18. Qc2 Qa5 19. Kb1 Qd5
20. Rhg1 g6 21. Rg4 Raf8 22. f4 Bf6 23. f5 Bxe5 24. dxe5 Qxe5 25. fxg6 hxg6
26. Rxg6+ Kh7 27. Qg2 Rf2 28. Rd7+ R2f7 29. Rg4 Qf6 30. Qxe4+ Kh8 31. Rh4+
Kg8 32. Qg2+ Qg7 33. Qxg7+ Rxg7 34. Rg4 Rxg4 35. hxg4 Rf1+ 36. Kc2 Rf2+ 37.
Kc3 Re2 38. Rxb7 Rxe3+ 39. Kd4 Rg3 40. Rxa7 Rxg4+ 41. Kc5 Rg2 42. Rb7 Rc2+
43. Kd6 Kf8 44. a4 Rc4 45. a5 Ra4 46. b4 Ke8 47. Rb8+ Kf7 48. Kxc6 Ke7 49.
Kb5 Ra1 50. Rc8 Kd7 51. Rc2 Kd8 52. Kb6 Re1 53. a6 Kd7 54. a7 Re4 55. b5
Ra4 56. Kb7 Kd6 57. a8=Q Rxa8 58. Kxa8 Kd5 59. b6 Kd4 60. b7 Kd3 61. Rc7
Kd4 62. b8=Q Kd5 63. Qd8+ Ke5 64. Re7+ Kf6 65. Qf8+ Kg6 66. Rg7+ Kh6 67.
Qh8+ 1-0

[Event "ch-Commonwealth"]
[Site "Mumbai IND"]
[Date "2004.01.10"]
[Round "1"]
[White "Coleman,J"]
[Black "Nishanth,S"]
[Result "1-0"]
[WhiteElo "2193"]
[BlackElo "1993"]
[EventDate "2004.01.10"]

1. d4 d5 2. Nf3 Nf6 3. c4 c6 4. Nc3 e6 5. Bg5 Be7 6. e3 Nbd7 7. Bd3 O-O 8.
O-O a6 9. Rc1 b5 10. cxd5 cxd5 11. Bf4 Bb7 12. Ne5 Rc8 13. Qf3 Re8 14. Ne2
Qa5 15. a3 Qd2 16. Rcd1 Qxb2 17. a4 Qb3 18. axb5 axb5 19. Qh3 Nf8 20. Rb1
Qa3 21. Ra1 Qd6 22. Bxb5 Red8 23. Nxf7 Qb6 24. Nxd8 Qxb5 25. Nxb7 Qxb7 26.
Rac1 Rxc1 27. Nxc1 Ne4 28. Qg4 Ba3 29. Nd3 Qb5 30. Ne5 Nc3 31. g3 Qb2 32.
h4 Ne4 33. Bh6 Qb7 34. Bg5 Bd6 35. Qd1 h6 36. Bf4 Be7 37. Qh5 Bd8 38. Qe8
Qe7 39. Qxe7 Bxe7 40. Nf3 Bf6 41. Be5 Nd7 42. Bxf6 Ndxf6 43. Ne5 g5 44.
hxg5 Nxg5 45. Ra1 Kf8 46. Ra7 h5 47. Nd7+ Kg7 48. Nxf6+ Kxf6 49. Kg2 Ne4
50. f3 Nd6 51. Kf2 Kf5 52. Ra5 Kf6 53. Rc5 Kf7 54. Rc6 Ke7 55. Kg2 Nf5 56.
Rc3 Kf6 57. Rd3 Nd6 58. Rd1 Nf5 59. Re1 Kg6 60. g4 hxg4 61. fxg4 Nd6 62.
Kf3 Kg5 63. Rh1 Ne4 64. Rh5+ Kg6 65. Kf4 Nd6 66. Re5 Kf7 67. Rh5 Kg6 68.
Rh1 Nf7 69. g5 Kg7 70. Rh6 Nd8 71. Rf6 Kg8 72. Ke5 Kg7 73. Rxe6 Nf7+ 74.
Kxd5 Nxg5 75. e4 Kf7 76. Re5 Nh7 77. Kd6 Nf6 78. Rf5 1-0

[Event "ch-Commonwealth"]
[Site "Mumbai IND"]
[Date "2004.01.10"]
[Round "1"]
[White "Negi,V"]
[Black "Anjanaa,N"]
[Result "1-0"]
[WhiteElo "2188"]
[BlackElo "1987"]
[EventDate "2004.01.10"]

1. e4 c6 2. d4 d5 3. Nd2 dxe4 4. Nxe4 Bf5 5. Ng3 Bg6 6. Nf3 Nd7 7. h4 h6 8.
h5 Bh7 9. Bd3 Bxd3 10. Qxd3 Qc7 11. Bd2 e6 12. O-O-O Ngf6 13. Ne4 O-O-O 14.
g3 Nxe4 15. Qxe4 Bd6 16. Kb1 Nf6 17. Qe2 c5 18. dxc5 Bxc5 19. Rh4 Qb6 20.
Ne5 Rhf8 21. Nd3 Bd6 22. Be3 Qa6 23. c4 Kb8 24. Rc1 Ka8 25. Qc2 Be7 26. Qb3
Rd7 27. Ne5 Rdd8 28. c5 Qe2 29. Ra4 a6 30. c6 bxc6 31. Qb6 1-0

[Event "ch-Commonwealth"]
[Site "Mumbai IND"]
[Date "2004.01.10"]
[Round "1"]
[White "Neelakantan,N"]
[Black "Fenil,S"]
[Result "1-0"]
[WhiteElo "2183"]
[BlackElo "1974"]
[EventDate "2004.01.10"]

1. e4 e6 2. d4 d5 3. Nc3 dxe4 4. Nxe4 Nd7 5. Nf3 Ngf6 6. Bd3 Nxe4 7. Bxe4
Nf6 8. Bd3 c5 9. O-O Be7 10. dxc5 Bxc5 11. Bg5 O-O 12. Qe2 Be7 13. Rad1 Qc7
14. Ne5 h6 15. Bh4 b6 16. Bxf6 gxf6 17. Qg4+ Kh8 18. Qh4 Kg7 19. Qg3+ Kh8
20. Ng6+ fxg6 21. Qxc7 1-0

[Event "ch-Commonwealth"]
[Site "Mumbai IND"]
[Date "2004.01.10"]
[Round "1"]
[White "Ramakrishna,J"]
[Black "Nambiar,V"]
[Result "0-1"]
[WhiteElo "2308"]
[BlackElo "2180"]
[EventDate "2004.01.10"]

1. e4 e6 2. d4 d5 3. e5 c5 4. c3 Nc6 5. Nf3 Qb6 6. Bd3 cxd4 7. cxd4 Bd7 8.
O-O Nxd4 9. Nc3 Nxf3+ 10. Qxf3 Bc5 11. Qg4 Ne7 12. Qxg7 Rg8 13. Qxh7 O-O-O
14. Qh5 Ng6 15. Qe2 Qc7 16. Bxg6 Rxg6 17. Bf4 Rdg8 18. g3 Rg4 19. Kh1 Bc6
20. f3 Qd7 21. fxg4 d4+ 22. Ne4 d3 23. Qf3 Qd4 24. Nxc5 Bxf3+ 25. Rxf3 Kb8
26. Nxd3 Qe4 27. Raf1 Rd8 28. Nc5 Qc6 29. h4 Qxc5 30. Kh2 Qc4 31. a3 Rd1
32. R1f2 Qe4 33. g5 Qb1 34. g4 Rh1+ 35. Kg3 Qg1+ 36. Rg2 Qe1+ 37. Rgf2 Qe4
38. h5 Rd1 39. h6 a5 40. Bd2 Ka7 0-1

[Event "ch-Commonwealth"]
[Site "Mumbai IND"]
[Date "2004.01.10"]
[Round "1"]
[White "Sai Krishna,S"]
[Black "Lakshmi,Pra"]
[Result "1-0"]
[WhiteElo "1951"]
[BlackElo "1970"]
[EventDate "2004.01.10"]

1. d4 Nf6 2. c4 g6 3. Nc3 Bg7 4. e4 d6 5. Be2 O-O 6. Bg5 Nbd7 7. Qd2 c5 8.
d5 a6 9. Nf3 Rb8 10. a4 Nb6 11. h3 e6 12. a5 Na8 13. O-O b6 14. dxe6 Bxe6
15. Rfd1 bxa5 16. Bf4 Qb6 17. Bxd6 Rfd8 18. Nd5 Rxd6 19. Nxf6+ Bxf6 20.
Qxd6 Qxb2 21. e5 Rd8 22. Qxa6 Nc7 23. Qc6 Qxe2 24. Re1 Qxc4 25. exf6 Nd5
26. Rxe6 fxe6 27. Qxe6+ Kh8 28. Ne5 Qe4 29. Nf7+ Kg8 30. Nh6+ 1-0

[Event "ch-Commonwealth"]
[Site "Mumbai IND"]
[Date "2004.01.11"]
[Round "2"]
[White "Gupta,Ab"]
[Black "Short,N"]
[Result "1/2-1/2"]
[WhiteElo "2392"]
[BlackElo "2702"]
[EventDate "2004.01.10"]

1. d4 e6 2. c4 Nf6 3. Nc3 Bb4 4. Qc2 d5 5. cxd5 Qxd5 6. e3 c5 7. Bd2 Bxc3
8. Bxc3 cxd4 9. Bxd4 Nc6 10. Bc3 Bd7 11. Rd1 Qxa2 12. Nf3 Rc8 13. Bb5 Nb8
14. Bxd7+ Nbxd7 15. O-O a6 16. Ng5 Nd5 17. Qe4 Nxc3 18. Qxb7 Ne2+ 19. Kh1
Rd8 20. Qf3 O-O 21. Qxe2 h6 22. Ne4 Nb8 23. h3 Qb3 24. Nc5 Qb6 25. Na4 Qb4
26. Nc3 a5 27. Rxd8 Rxd8 28. Rd1 Rxd1+ 29. Nxd1 Nc6 30. Nc3 Ne5 31. Qc2 f5
32. b3 Kf7 33. Na4 Qd6 34. Nb2 Qd5 35. f4 Nc6 36. Nd3 Kg8 37. Qc3 Qe4 38.
Nc5 Qd5 39. Nd3 Qb5 40. Kh2 Qd5 1/2-1/2

[Event "ch-Commonwealth"]
[Site "Mumbai IND"]
[Date "2004.01.11"]
[Round "2"]
[White "Himanshu,Sh"]
[Black "Smirnov,P"]
[Result "0-1"]
[WhiteElo "2380"]
[BlackElo "2609"]
[EventDate "2004.01.10"]

1. e4 c5 2. f4 e6 3. Nf3 d5 4. Bb5+ Bd7 5. Bxd7+ Nxd7 6. d3 Bd6 7. O-O Ne7
8. c4 O-O 9. Nc3 d4 10. Ne2 Ng6 11. Bd2 h6 12. a3 a5 13. b3 f5 14. e5 Be7
15. b4 cxb4 16. axb4 Bxb4 17. Bxb4 axb4 18. Rxa8 Qxa8 19. Nfxd4 Nc5 20. Nb5
Qa2 21. Nc1 Qb2 22. d4 Ne4 23. d5 exd5 24. Qxd5+ Kh7 25. Qd4 Nc3 26. g3 Rc8
27. Nd6 Ra8 28. Nxf5 Ra2 29. Qf2 Qxf2+ 30. Rxf2 Ra1 31. Rf1 Rxc1 32. Rxc1
Ne2+ 33. Kf2 Nxc1 34. Ke3 Nb3 35. Nd6 Nc5 36. Kd4 b3 37. Nb5 Na4 38. Kd3
Ne7 39. Nd4 b2 40. Kc2 Nc6 41. Nxc6 bxc6 42. e6 Kg6 43. g4 Kf6 44. f5 g6
45. Kb1 gxf5 46. gxf5 c5 47. Kc2 Nb6 48. Kxb2 Nxc4+ 0-1

[Event "ch-Commonwealth"]
[Site "Mumbai IND"]
[Date "2004.01.11"]
[Round "2"]
[White "Gokhale,C"]
[Black "Fominyh,A"]
[Result "1/2-1/2"]
[WhiteElo "2372"]
[BlackElo "2559"]
[EventDate "2004.01.10"]

1. d4 Nf6 2. Nf3 g6 3. g3 Bg7 4. Bg2 O-O 5. O-O d6 6. b3 e5 7. dxe5 dxe5 8.
Bb2 e4 9. Qxd8 Rxd8 10. Nfd2 Bf5 11. h3 h5 12. e3 Na6 13. a3 c6 14. b4 Rac8
15. Nb3 b6 16. Rc1 c5 17. Bf1 Nb8 18. c4 Nbd7 19. b5 Re8 20. a4 Ne5 21.
Bxe5 Rxe5 22. a5 Ree8 23. axb6 axb6 24. Ra6 Rb8 25. Nc3 Bc8 26. Ra7 Rd8 27.
Rc2 Ne8 28. Nd5 Kf8 29. Nd2 Nd6 30. Nf4 Bb7 31. Nb1 Nc8 32. Raa2 h4 33.
gxh4 Be5 34. Nc3 Bxf4 35. exf4 Nd6 36. Rd2 Nf5 37. Rxd8+ Rxd8 38. Ra7 Rb8
39. Be2 Nd6 40. Ra4 Ke7 41. Kh2 Kd7 42. Nd1 Rh8 43. Bg4+ f5 44. Be2 Rxh4
45. Kg3 Rh8 46. Ne3 Kc7 47. Ra1 Ne8 48. h4 Nf6 49. Rh1 Bc8 50. Ra1 Bb7 51.
Rh1 Kd6 52. Rd1+ Ke6 53. Ra1 Ra8 54. Rxa8 Bxa8 55. h5 Kf7 56. Kh4 Kg7 57.
Kg5 Nh7+ 58. Kh4 Nf6 59. Kg5 Nh7+ 1/2-1/2

[Event "ch-Commonwealth"]
[Site "Mumbai IND"]
[Date "2004.01.11"]
[Round "2"]
[White "Babu,NS"]
[Black "Conquest,S"]
[Result "1/2-1/2"]
[WhiteElo "2339"]
[BlackElo "2543"]
[EventDate "2004.01.10"]

1. d4 Nf6 2. c4 e6 3. Nc3 Bb4 4. Qc2 d6 5. a3 Bxc3+ 6. Qxc3 Nbd7 7. f3 e5
8. Bg5 Qe7 9. e3 O-O 10. Ne2 Re8 11. Bh4 a5 12. dxe5 dxe5 13. Ng3 Qc5 14.
e4 a4 15. Nf5 b6 16. Qb4 Qa5 17. Qxa5 Rxa5 18. O-O-O Nc5 19. Ne3 Ra7 20.
Nd5 Nxd5 21. cxd5 Ba6 22. Bxa6 Rxa6 23. Kb1 Nb3 24. d6 cxd6 25. Rxd6 h6 26.
Rhd1 Rc8 27. Bf2 Rc4 28. Rxb6 Rxb6 29. Bxb6 Kh7 30. Be3 Rc6 31. Re1 Kg6 32.
Rd1 Kh7 33. Bf2 h5 34. Be3 Rg6 35. Rg1 Rc6 36. h3 h4 37. Rd1 Rg6 38. Rg1
Rc6 39. Bg5 Rg6 40. Be3 Rc6 1/2-1/2

[Event "ch-Commonwealth"]
[Site "Mumbai IND"]
[Date "2004.01.11"]
[Round "2"]
[White "Ganguly,S"]
[Black "Laxman,R"]
[Result "1-0"]
[WhiteElo "2541"]
[BlackElo "2335"]
[EventDate "2004.01.10"]

1. e4 c5 2. Nf3 d6 3. d4 cxd4 4. Nxd4 Nf6 5. Nc3 a6 6. Be2 e6 7. O-O Be7 8.
f4 O-O 9. Be3 Nc6 10. a4 Qc7 11. Kh1 Re8 12. Bd3 Nxd4 13. Bxd4 e5 14. Be3
exf4 15. Bxf4 Be6 16. Nd5 Bxd5 17. exd5 Nxd5 18. Bxh7+ Kxh7 19. Qxd5 Bf8
20. Ra3 Kg8 21. Rh3 Qc6 22. Qh5 f6 23. Bg5 Be7 24. Qh7+ Kf7 25. Rh6 d5 26.
Qg6+ 1-0

[Event "ch-Commonwealth"]
[Site "Mumbai IND"]
[Date "2004.01.11"]
[Round "2"]
[White "Iskusnyh,S"]
[Black "Rathnakaran,K"]
[Result "1/2-1/2"]
[WhiteElo "2482"]
[BlackElo "2309"]
[EventDate "2004.01.10"]

1. d4 Nf6 2. c4 c5 3. d5 e5 4. Nc3 d6 5. e4 g6 6. Bd3 Bg7 7. h3 a6 8. Nf3
Nbd7 9. g4 Rb8 10. Qe2 Nb6 11. a3 Na8 12. b4 b6 13. Rb1 Rb7 14. Bc2 O-O 15.
b5 a5 16. Bg5 Nc7 17. Kd2 Nce8 18. Rbg1 Qc7 19. Kc1 Kh8 20. Nd2 Bd7 21. Nf1
Qc8 22. f3 Ng8 23. h4 f6 24. Bd2 Ne7 25. h5 Kg8 26. hxg6 hxg6 27. Ng3 Rf7
28. Qh2 Kf8 29. Qh7 Nc7 30. Nh5 g5 31. a4 Ng8 32. Ng3 Ke7 33. Nd1 Qf8 34.
Ne3 Kd8 35. Nef5 Ne8 36. Qg6 Bxf5 37. exf5 Bh6 38. Ne4 Rg7 39. Qh5 Rh7 40.
Rg3 Rh8 41. Rgh3 Rbh7 42. Kd1 Kc7 43. R3h2 Kb8 44. Qh3 Qe7 45. Bd3 Qd7 46.
Qh5 Qe7 47. Kc2 Rg7 48. Qh3 Rgh7 49. Kb3 Qd7 50. Ng3 Qf7 51. Be4 Qd7 52.
Kc2 Qc7 53. Ne2 Qf7 54. Nc1 Qd7 55. Nb3 Qc7 56. Qh5 Qd7 57. Kb2 Ne7 58. Ka3
Nc8 59. Qh3 Qa7 60. Bc3 Ka8 61. Bd3 Qc7 62. Qh5 Qd7 63. Ka2 Qc7 64. Nd2 Qd7
65. Qh3 Qc7 66. Ka3 Qd7 67. Qh5 Qc7 68. Ne4 Ne7 69. Qxe8+ Rxe8 70. Nxf6 Ng8
71. Nxe8 Qd8 72. f6 Rf7 73. Bg6 Qxe8 74. Bxf7 Qxf7 75. Rxh6 Nxh6 76. Rxh6
Qf8 77. Rg6 Qf7 78. Rh6 Qf8 79. Rg6 Qf7 80. Rxg5 Qxf6 81. Rf5 Qh6 82. g5
Qg6 83. Rf8+ Kb7 84. Kb2 Qxg5 85. Rf7+ Kc8 86. Rf8+ Kc7 87. Rf7+ Kd8 88.
Rb7 Qg2+ 89. Kb3 Qxf3 90. Rxb6 Kc7 91. Rc6+ Kb7 92. Rxd6 Qd1+ 93. Ka3 Qd3
94. Kb3 Qb1+ 95. Ka3 Qd3 96. Kb2 Kc7 97. Re6 Qxc4 98. Bxe5+ 1/2-1/2

[Event "ch-Commonwealth"]
[Site "Mumbai IND"]
[Date "2004.01.11"]
[Round "2"]
[White "Harika,D"]
[Black "Vijayalakshmi,S"]
[Result "1-0"]
[WhiteElo "2329"]
[BlackElo "2444"]
[EventDate "2004.01.10"]

1. d4 Nf6 2. c4 e6 3. Nc3 Bb4 4. Qc2 c5 5. dxc5 O-O 6. a3 Bxc5 7. Nf3 b6 8.
Bf4 a6 9. Rd1 Bb7 10. e4 Nh5 11. Bg3 f5 12. Bd3 f4 13. Bh4 Be7 14. Bxe7
Qxe7 15. e5 Bxf3 16. Bxh7+ Kh8 17. gxf3 Nc6 18. Be4 Qg5 19. Bxc6 dxc6 20.
Qe4 Rf5 21. Qxc6 Rxe5+ 22. Kd2 Rg8 23. Kc1 Qg2 24. Qxb6 Qxf3 25. Rhe1 Rxe1
26. Rxe1 Nf6 27. Rxe6 Ng4 28. Qd4 Qh1+ 29. Qd1 Qxd1+ 30. Nxd1 Nxh2 31. Rxa6
Nf3 32. c5 g5 33. b4 Kg7 34. c6 g4 35. b5 Nd4 36. a4 Nf5 37. c7 g3 38. fxg3
fxg3 39. Re6 Kf7 40. Re2 Nd4 41. Rg2 Ke7 42. Ne3 Kd6 43. b6 Kc6 44. a5 Nb3+
45. Kb1 Nxa5 46. Rxg3 Re8 47. Rg6+ Kb7 48. Nf5 Nc4 49. Nd6+ Nxd6 50. Rxd6
Re5 51. Rd8 Rc5 52. Rb8+ Ka6 53. Ra8+ 1-0

[Event "ch-Commonwealth"]
[Site "Mumbai IND"]
[Date "2004.01.11"]
[Round "2"]
[White "Mishra,S"]
[Black "Safin,S"]
[Result "1/2-1/2"]
[WhiteElo "2227"]
[BlackElo "2528"]
[EventDate "2004.01.10"]

1. e4 e5 2. Nf3 Nc6 3. Nc3 Nf6 4. d4 exd4 5. Nxd4 Bb4 6. Nxc6 bxc6 7. Bd3
d5 8. exd5 cxd5 9. O-O O-O 10. Bg5 c6 11. Na4 h6 12. Bh4 Re8 13. c3 Bf8 14.
Bc2 g5 15. Bg3 Ne4 16. f3 Nxg3 17. hxg3 Ba6 18. Rf2 Re3 19. Qd4 Re8 20. Nc5
Bg7 21. Qd2 Bc4 22. Bd3 Bxd3 23. Nxd3 Qd6 24. f4 Re4 25. Re1 Rae8 26. Rfe2
f5 27. Nf2 Rxe2 28. Rxe2 Rxe2 29. Qxe2 gxf4 30. gxf4 Qxf4 31. Qe6+ Kh7 32.
Qxc6 Qc1+ 33. Kh2 Qxb2 34. Nd3 Qxc3 35. Qxd5 Qf6 36. Kg3 Qg5+ 37. Kf2 h5
38. Qd7 h4 39. Qd5 Qg3+ 40. Kf1 Qg5 41. Ne1 Qg4 42. Nf3 h3 43. gxh3 Qxh3+
44. Kf2 Qg4 45. Qd6 a5 46. Qh2+ Kg8 47. Qb8+ Bf8 48. Qb3+ Kh8 49. Qf7 Bg7
50. Qe7 a4 51. Qh4+ Kg8 52. Qd8+ Bf8 53. Qd5+ Kh8 1/2-1/2

[Event "ch-Commonwealth"]
[Site "Mumbai IND"]
[Date "2004.01.11"]
[Round "2"]
[White "Sandipan,C"]
[Black "Gokhale,A"]
[Result "1-0"]
[WhiteElo "2522"]
[BlackElo "2218"]
[EventDate "2004.01.10"]

1. e4 e5 2. Nf3 Nc6 3. Bb5 Nf6 4. Qe2 Bc5 5. c3 d6 6. d3 a6 7. Bxc6+ bxc6
8. Nbd2 h6 9. h3 a5 10. Nf1 Ba6 11. g4 d5 12. c4 dxe4 13. dxe4 Bb4+ 14. Bd2
Qe7 15. Ng3 g6 16. O-O-O Bxd2+ 17. Qxd2 Bxc4 18. Qc3 Bb5 19. Nxe5 O-O 20.
a3 c5 21. h4 Rad8 22. h5 Rd4 23. Rxd4 cxd4 24. Qxd4 Rd8 25. Qc3 Nxg4 26.
Nxg4 Qg5+ 27. Ne3 Rd3 28. Qxc7 Rd7 29. Qxa5 Qc5+ 30. Qc3 1-0

[Event "ch-Commonwealth"]
[Site "Mumbai IND"]
[Date "2004.01.11"]
[Round "2"]
[White "Joshi,SG"]
[Black "Vakhidov,T"]
[Result "0-1"]
[WhiteElo "2211"]
[BlackElo "2515"]
[EventDate "2004.01.10"]

1. e4 e6 2. d4 d5 3. Nd2 c5 4. exd5 Qxd5 5. Ngf3 cxd4 6. Bc4 Qd6 7. O-O Nf6
8. Nb3 Nc6 9. Nbxd4 Nxd4 10. Qxd4 Bd7 11. Bf4 Qxd4 12. Nxd4 Rc8 13. Bb3 Bc5
14. Rad1 O-O 15. h3 h6 16. Rfe1 b5 17. Be5 a5 18. c3 a4 19. Bc2 Nd5 20. a3
Nb6 21. Bd3 f6 22. Bg3 Bxd4 23. cxd4 Nc4 24. Bxc4 Rxc4 25. Bd6 Rfc8 26. Rd2
Kf7 27. f3 Bc6 28. Bb4 Bd5 29. Kf2 g5 30. Re3 Rc1 31. Bc3 h5 32. Re1 Rxe1
33. Kxe1 g4 34. hxg4 hxg4 35. fxg4 Rg8 36. Kf1 Rxg4 37. Rf2 Kg6 38. Kg1 f5
39. Kh2 Kh5 40. Kg1 Re4 41. Rd2 Kg4 42. Rf2 Re3 43. Kh2 Rd3 44. Rd2 Rg3 45.
Rf2 f4 46. Be1 Rd3 47. Bc3 b4 48. Bxb4 Rxd4 49. Rd2 Re4 50. Rc2 Re3 51. Rf2
e5 52. Rd2 Be4 53. Bc3 Kf5 54. Kg1 Rg3 55. Kf1 0-1

[Event "ch-Commonwealth"]
[Site "Mumbai IND"]
[Date "2004.01.11"]
[Round "2"]
[White "Kunte,A"]
[Black "Sharma,Vi"]
[Result "1-0"]
[WhiteElo "2512"]
[BlackElo "2208"]
[EventDate "2004.01.10"]

1. e4 c5 2. Nf3 Nc6 3. d4 cxd4 4. Nxd4 Nf6 5. Nc3 e5 6. Ndb5 d6 7. Bg5 a6
8. Na3 b5 9. Bxf6 gxf6 10. Nd5 Bg7 11. c3 f5 12. exf5 Bxf5 13. Nc2 Be6 14.
g3 Ne7 15. Bg2 O-O 16. O-O a5 17. Nc7 Qxc7 18. Bxa8 Rxa8 19. Ne3 Qd7 20. a4
d5 21. axb5 d4 22. cxd4 exd4 23. Ng2 Qxb5 24. Nf4 Bc4 25. Qf3 Rd8 26. Rfd1
a4 27. Rac1 d3 28. Nh5 Bb3 29. Qg4 Qe5 30. Rxd3 Rf8 31. Rc5 1-0

[Event "ch-Commonwealth"]
[Site "Mumbai IND"]
[Date "2004.01.11"]
[Round "2"]
[White "Neelotpal,D"]
[Black "Nambiar,V"]
[Result "1-0"]
[WhiteElo "2461"]
[BlackElo "2180"]
[EventDate "2004.01.10"]

1. e4 e6 2. d4 d5 3. Nc3 Bb4 4. e5 c5 5. a3 Bxc3+ 6. bxc3 Ne7 7. Qg4 O-O 8.
Bd3 Nbc6 9. Qh5 Ng6 10. Nf3 Qc7 11. O-O c4 12. Bxg6 fxg6 13. Qg4 Qf7 14.
Ng5 Qe8 15. a4 h6 16. Nf3 Kh7 17. Ba3 Rf7 18. g3 Ne7 19. h4 Rf5 20. a5 Bd7
21. Rab1 Bc6 22. Ne1 Qd7 23. Ng2 Raf8 24. Qe2 Qe8 25. f3 g5 26. g4 Rf4 27.
Bc1 Ng6 28. h5 Ne7 29. Nxf4 gxf4 30. Qh2 Qf7 31. Ba3 Re8 32. Rf2 a6 33. Rg2
Kh8 34. Kh1 Bb5 35. Rbg1 Ng8 36. Qh4 Ne7 37. Bxe7 Qxe7 38. g5 Rf8 39. Rg4
Rf5 40. gxh6 Qxh4+ 41. Rxh4 gxh6 42. Rg6 Be8 43. Rxe6 Bf7 44. Rxh6+ Kg7 45.
Rf6 1-0

[Event "ch-Commonwealth"]
[Site "Mumbai IND"]
[Date "2004.01.11"]
[Round "2"]
[White "Bakre,T"]
[Black "Sai Krishna,S"]
[Result "1-0"]
[WhiteElo "2446"]
[BlackElo "1951"]
[EventDate "2004.01.10"]

1. e4 d6 2. d4 Nf6 3. Nc3 g6 4. Nf3 Bg7 5. Be2 O-O 6. O-O Bg4 7. Be3 Nc6 8.
d5 Bxf3 9. Bxf3 Ne5 10. Be2 c6 11. f4 Ned7 12. dxc6 bxc6 13. Bf3 Qc7 14.
Qd3 Rab8 15. Rab1 Nb6 16. Ne2 Nfd7 17. b3 Rfd8 18. c4 a5 19. Qc2 Rbc8 20.
Rfd1 c5 21. Nc3 Bxc3 22. Qxc3 a4 23. Rd3 Nb8 24. Rbd1 Nc6 25. e5 dxe5 26.
Bxc5 Nd7 27. Be3 exf4 28. Bxc6 fxe3 29. Rxd7 e2 30. Rxd8+ Rxd8 31. Rxd8+
Qxd8 32. Kf2 Qb6+ 33. Kxe2 Qxc6 34. Qf3 Qxf3+ 35. Kxf3 axb3 36. axb3 f6 37.
Ke4 e6 38. b4 Kf8 39. b5 Ke7 40. c5 Kd7 41. Kd4 Kc7 42. Kc4 h6 43. b6+ Kc6
44. Kb4 e5 45. Ka5 e4 46. Ka6 e3 47. b7 e2 1-0

[Event "ch-Commonwealth"]
[Site "Mumbai IND"]
[Date "2004.01.11"]
[Round "2"]
[White "Gupte,M"]
[Black "Sriram,J"]
[Result "0-1"]
[WhiteElo "2117"]
[BlackElo "2450"]
[EventDate "2004.01.10"]

1. e4 c5 2. Nc3 a6 3. g3 b5 4. Bg2 Bb7 5. f4 e6 6. d3 Nf6 7. Nf3 d5 8. e5
Nfd7 9. O-O Nc6 10. Re1 Qc7 11. b3 Be7 12. Bb2 O-O 13. Qd2 Rae8 14. Bh3 Nd8
15. Ne2 d4 16. Bg2 f6 17. exf6 Bxf6 18. b4 e5 19. bxc5 Qxc5 20. Kh1 Ne6 21.
f5 Bxf3 22. Bxf3 Bg5 23. Qd1 Rxf5 24. Be4 Rf2 25. Nxd4 exd4 26. Qh5 Nf6 27.
Bxh7+ Kh8 28. Qh3 Nxh7 29. Rxe6 Qd5+ 0-1

[Event "ch-Commonwealth"]
[Site "Mumbai IND"]
[Date "2004.01.11"]
[Round "2"]
[White "Roy Chowdhury,S"]
[Black "Sandeep,Y"]
[Result "1-0"]
[WhiteElo "2400"]
[BlackElo "2115"]
[EventDate "2004.01.10"]

1. e4 c5 2. Nf3 d6 3. c3 Nf6 4. Be2 Nc6 5. d3 e6 6. O-O Be7 7. Re1 O-O 8.
Nbd2 d5 9. e5 Nd7 10. d4 Qb6 11. Nb3 a5 12. dxc5 Nxc5 13. Be3 a4 14. Nxc5
Bxc5 15. Bxc5 Qxc5 16. Bd3 f5 17. Rc1 Qb6 18. Qd2 a3 19. b3 Bd7 20. Qe3
Qxe3 21. Rxe3 Rfc8 22. Ree1 Kf7 23. Kf1 Ke7 24. Ke2 Rab8 25. Kd2 b5 26. b4
Na7 27. Nd4 Rb6 28. f4 g6 29. h3 Nc6 30. g4 Nxd4 31. cxd4 Rxc1 32. Rxc1 Rc6
33. Rxc6 Bxc6 34. g5 Kd7 35. Kc3 Kc7 36. Kb3 Kb6 37. Kxa3 Bd7 38. Kb2 Bc6
39. h4 Bd7 40. Be2 Bc6 41. h5 Be8 42. h6 Bd7 43. Bd1 Be8 44. a4 Bd7 45. Ka3
Bc6 46. Bh5 Be8 47. Be2 1-0

[Event "ch-Commonwealth"]
[Site "Mumbai IND"]
[Date "2004.01.11"]
[Round "2"]
[White "Vaidya,C"]
[Black "Prasad,D"]
[Result "0-1"]
[WhiteElo "2107"]
[BlackElo "2395"]
[EventDate "2004.01.10"]

1. d4 Nf6 2. c4 g6 3. Nc3 d5 4. Nf3 Bg7 5. Bf4 O-O 6. Rc1 dxc4 7. e3 c5 8.
dxc5 Qa5 9. Bxc4 Qxc5 10. Bb3 Nc6 11. O-O Qa5 12. h3 Bf5 13. Qe2 Ne4 14.
Nxe4 Bxe4 15. Rfd1 Bxf3 16. Qxf3 Bxb2 17. Rb1 Bg7 18. Rd7 Qf5 19. Rxb7
Qxb1+ 20. Kh2 Ne5 0-1

[Event "ch-Commonwealth"]
[Site "Mumbai IND"]
[Date "2004.01.11"]
[Round "2"]
[White "Koshy,V"]
[Black "Vinuthna,N"]
[Result "1-0"]
[WhiteElo "2374"]
[BlackElo "2094"]
[EventDate "2004.01.10"]

1. c4 Nf6 2. g3 g6 3. Bg2 Bg7 4. e4 d6 5. Ne2 O-O 6. O-O e5 7. Nbc3 Nc6 8.
d3 Nh5 9. Be3 Nd4 10. Qd2 c6 11. f4 Nxe2+ 12. Nxe2 exf4 13. gxf4 f5 14. Ng3
Nxg3 15. hxg3 Qf6 16. Rab1 Be6 17. b3 Rfe8 18. Rfc1 Qe7 19. Qf2 fxe4 20.
dxe4 Bf5 21. exf5 Qxe3 22. Rd1 Rad8 23. fxg6 hxg6 24. Bf3 Bc3 25. Qxe3 Rxe3
26. Kf2 Re7 27. b4 Rh7 28. Kg2 Bf6 29. b5 Rc7 30. bxc6 bxc6 31. Kh3 Kg7 32.
Kg4 c5 33. Re1 Rdd7 34. Re6 Kf7 35. Bd5 Kg7 36. Rb8 Rd8 37. Rxd8 Bxd8 38.
Rxd6 Bf6 39. a4 Re7 40. a5 Rc7 41. a6 Be7 42. Re6 Bf6 43. Re8 Bd4 44. Ra8
Kf6 45. Bb7 Rg7 46. Rxa7 g5 47. f5 Bc3 48. Ra8 Ba5 49. Rf8+ Ke7 50. f6+ 1-0